[Event "Ctor por Equipos de Aragon-Division de Honor"]
[Site ""]
[Date "2023.03.04"]
[Round "6.8"]
[White "Moya Gimeno, Raul"]
[Black "Lorente Melcon, Maximo"]
[Result "0-1"]
[WhiteElo "1944"]
[BlackElo "1980"]
[PlyCount "0"]
[WhiteTeam "Marcos Frechin"]
[BlackTeam "Helios"]
[EventDate "2023.01.28"]

1. e4 c5 2. Nf3 e6 3. d3 Nc6 4. g3 d6 5. Bg2 g6 6. c3 Bg7 7. h4 h6 8. Na3 e5 9. Nc4 Nge7 
10. Qe2 Be6 11. Be3 b5 12. Na3 Rb8 13. Rd1 f5 14. exf5 gxf5 15. d4 e4 16. Ng1 cxd4 17. cxd4 Nb4 
18. Bf4 Qd7 19. Nh3 Nd3+ 20. Kf1 b4 21. Nc2 Nxb2 22. d5 Bxd5 23. Rxd5 Nxd5 24. Kg1 O-O 
25. Ng5 Nxf4 26. gxf4 Nd3 27. Qe3 Rbc8 28. Nd4 Rc1+ 29. Bf1 hxg5 30. hxg5 Qf7 31. Rh2 Qg6 
32. Kg2 Bxd4 33. Qxd4 Nxf4+ 0-1

[Event "Ctor por Equipos de Aragon-Division de Honor"]
[Site ""]
[Date "2023.03.04"]
[Round "6.9"]
[White "Cifuentes Parada, Roberto"]
[Black "Salamero Pelay, Fernando"]
[Result "1-0"]
[WhiteElo "2410"]
[BlackElo "2062"]
[PlyCount "0"]
[WhiteTeam "Jaque - Aramovil"]
[BlackTeam "Atletismo Huesca"]
[EventDate "2023.01.28"]

1. d4 g6 2. e4 Bg7 3. c3 d6 4. Bg5 Nd7 5. Nd2 a6 6. f4 b5 7. Ngf3 Nb6 8. Bd3
Nf6 9. O-O O-O 10. Qe1 h6 11. Bh4 Nh5 12. Qe3 f5 13. g3 c6 14. Rfe1 Ra7 15. Qe2
Nf6 16. Bc2 Kh8 17. a4 Nxa4 18. e5 Ng8 19. Bxa4 bxa4 20. exd6 Qxd6 21. Nc4 Qd5
22. Nfe5 Kh7 23. Nb6 Qb5 24. Nxa4 Qxe2 25. Rxe2 Rc7 26. Nc5 Nf6 27. Bxf6 Bxf6
28. Kf2 g5 29. Ned3 Rg8 30. b4 h5 31. fxg5 Bxg5 32. Nf4 h4 33. Kf3 Bh6 34. Rae1
Bf8 35. Nfe6 1-0

[Event "Ctor por Equipos de Aragon-Division de Honor"]
[Site ""]
[Date "2023.03.04"]
[Round "6.10"]
[White "Gella Bitrian, Diego"]
[Black "Escartin Lacasa, Jose"]
[Result "0-1"]
[WhiteElo "2023"]
[BlackElo "2284"]
[PlyCount "0"]
[WhiteTeam "Atletismo Huesca"]
[BlackTeam "Jaque - Aramovil"]
[EventDate "2023.01.28"]

1. e4 c5 2. Nf3 Nc6 3. d4 cxd4 4. Nxd4 Nf6 5. Nc3 e5 6. Ndb5 d6 7. Bg5 a6 8.
Na3 b5 9. Bxf6 gxf6 10. Nd5 f5 11. exf5 Bxf5 12. c3 Be6 13. Nc2 Bg7 14. Nce3
O-O 15. Bd3 f5 16. O-O Ne7 17. Nxe7+ Qxe7 18. Bxf5 Qf7 19. Bxe6 Qxe6 20. Qd5
Qxd5 21. Nxd5 Rab8 22. Rfd1 Rb7 23. Rd2 a5 24. Ne3 b4 25. c4 e4 26. Rxd6 Bxb2
27. Rb1 Bc3 28. Nd5 Rc8 29. Nb6 Rcc7 30. Rbd1 Ra7 31. c5 Rxc5 32. Rd8+ Kf7 33.
g3 Bf6 34. R8d7+ Rxd7 35. Rxd7+ Ke6 36. Ra7 Bd4 37. Rxh7 Rc2 38. Rh6+ Kf7 39.
Nd5 Rxf2 40. Kh1 Rxa2 41. Rh7+ Kg6 42. Rb7 e3 43. Rd7 Kf5 44. Nf4 Ke4 45. h4 b3
0-1

[Event "Ctor por Equipos de Aragon-Division de Honor"]
[Site ""]
[Date "2023.03.04"]
[Round "6.11"]
[White "Ereza Vizcarra, Fernando"]
[Black "Laplaza Ara, Carlos"]
[Result "1-0"]
[WhiteElo "2125"]
[BlackElo "1929"]
[PlyCount "0"]
[WhiteTeam "Jaque - Aramovil"]
[BlackTeam "Atletismo Huesca"]
[EventDate "2023.01.28"]

1. Nf3 d5 2. b3 Nf6 3. Bb2 g6 4. e3 Bg7 5. c4 O-O 6. cxd5 Nxd5 7. Bxg7 Kxg7 8.
Qc2 Nf6 9. d4 Bf5 10. Bd3 Bxd3 11. Qxd3 c5 12. Qc3 cxd4 13. Nxd4 Qd5 14. O-O
Nbd7 15. Qb2 Qh5 16. Nd2 Rac8 17. Ne4 Qe5 18. Ng3 Kg8 19. Rac1 Nc5 20. Qa3 a6
21. Nf3 Qd6 22. Rfd1 Qb6 23. Rc4 Ncd7 24. Rxc8 Rxc8 25. Qxe7 Qe6 26. Qb4 b5 27.
h4 Ne5 28. Ng5 Qg4 29. Rd4 Rc1+ 30. Nf1 Qc8 31. Qe7 Nfd7 32. Nxf7 Nxf7 33. Rxd7
Qf8 34. Qf6 Qe8 35. Re7 Qf8 36. h5 gxh5 37. e4 Rc6 38. Qxc6 Qxe7 39. Ne3 Nd6
40. Qd5+ Kf8 41. e5 Nf7 42. e6 Nd8 43. Nf5 Qxe6 44. Qxd8+ Kf7 45. Qc7+ Kf6 46.
Ne3 1-0

[Event "Ctor por Equipos de Aragon-Division de Honor"]
[Site ""]
[Date "2023.03.04"]
[Round "6.12"]
[White "Martinez Carnicer, Eduardo"]
[Black "Carrasquer Alonso, Fernando"]
[Result "0-1"]
[WhiteElo "1654"]
[BlackElo "1874"]
[PlyCount "0"]
[WhiteTeam "Atletismo Huesca"]
[BlackTeam "Jaque - Aramovil"]
[EventDate "2023.01.28"]

1. e4 d6 2. d4 Nf6 3. Nc3 Nbd7 4. f3 g6 5. Be3 Bg7 6. Qd2 c5 7. dxc5 dxc5 8.
O-O-O Qa5 9. Kb1 O-O 10. Nd5 Qxd2 11. Nxe7+ Kh8 12. Rxd2 Re8 13. Nxc8 Raxc8 14.
Ne2 b5 15. Nc3 a6 16. Nd5 Nxd5 17. Rxd5 Nb6 18. Rxc5 Rxc5 19. Bxc5 Na4 20. Be3
Bxb2 21. Bd3 Bf6 22. Bd2 Nc3+ 23. Bxc3 Bxc3 24. Rd1 Rd8 25. a3 Kg7 26. Ka2 Kf6
27. Kb3 Rc8 28. Be2 Be5 29. Rd3 Bxh2 30. Rd5 Be5 31. c4 bxc4+ 32. Bxc4 Rb8+ 33.
Kc2 Rb2+ 34. Kd3 Rxg2 35. Bxa6 Ra2 36. Ra5 h5 37. Bc4 Ra1 38. Ra7 h4 39. Ke3
Kg5 40. Ra5 Kf6 41. f4 Bc7 42. e5+ Kg7 43. Ra6 h3 44. Bd5 h2 45. e6 Rd1 46. Bf3
Rf1 47. Bg2 Bxf4+ 48. Ke2 Rg1 49. Kf2 h1=Q 50. Bxh1 Rxh1 51. exf7 Kxf7 52. a4
Rh3 53. Kg2 Ra3 54. Kf2 Kg7 55. Kg2 Kh6 56. Ra8 Bd2 57. Rd8 Bb4 58. Ra8 Kh5 0-1

[Event "Ctor por Equipos de Aragon-Division de Honor"]
[Site ""]
[Date "2023.03.04"]
[Round "6.13"]
[White "Moreno Gracia, Daniel"]
[Black "Lana Rodriguez, David"]
[Result "1/2-1/2"]
[WhiteElo "2301"]
[BlackElo "2383"]
[PlyCount "0"]
[WhiteTeam "Iberajedrez Mundo 64"]
[BlackTeam "Teruel"]
[EventDate "2023.01.28"]

1. d4 d5 2. Bf4 Nf6 3. e3 c5 4. c3 Nc6 5. Nd2 Qb6 6. Qb3 c4 7. Qc2 Nh5 8. Bg5
h6 9. Bh4 g5 10. Be2 Nf4 11. exf4 gxh4 12. Bf3 e6 13. Ne2 Ne7 14. O-O Bd7 15.
Rfe1 Bg7 1/2-1/2

[Event "Ctor por Equipos de Aragon-Division de Honor"]
[Site ""]
[Date "2023.03.04"]
[Round "6.14"]
[White "Garcia Fernandez, Javier"]
[Black "Lopez Gracia, Fernando"]
[Result "0-1"]
[WhiteElo "2142"]
[BlackElo "2259"]
[PlyCount "0"]
[WhiteTeam "Teruel"]
[BlackTeam "Iberajedrez Mundo 64"]
[EventDate "2023.01.28"]

1. e4 e6 2. d4 d5 3. Nc3 Nf6 4. e5 Nfd7 5. f4 c5 6. Nf3 Be7 7. Be3 b6 8. Qd2
O-O 9. Be2 Nc6 10. O-O f5 11. h3 cxd4 12. Nxd4 Nxd4 13. Bxd4 Nc5 14. b4 Ne4 15.
Nxe4 dxe4 16. c3 Kh8 17. Kh2 g5 18. g3 gxf4 19. gxf4 Bb7 20. Qe3 Rg8 21. Rg1
Qd5 22. c4 Qd7 23. a3 Bh4 24. b5 Rad8 25. Rxg8+ Rxg8 26. Rg1 Rxg1 27. Kxg1 Bg3
28. Bc3 Qg7 29. Kh1 Bf2 0-1

[Event "Ctor por Equipos de Aragon-Division de Honor"]
[Site ""]
[Date "2023.03.04"]
[Round "6.15"]
[White "Palacios Latasa, Elias"]
[Black "Dominguez Bujeda, Jesus"]
[Result "0-1"]
[WhiteElo "2171"]
[BlackElo "2064"]
[PlyCount "0"]
[WhiteTeam "Iberajedrez Mundo 64"]
[BlackTeam "Teruel"]
[EventDate "2023.01.28"]


1. e4 c5 2. Nf3 g6 3. c3 d5 4. e5 Bg4 5. d4 cxd4 6. cxd4 Nc6 7. Bb5 Qb6 8.
Bxc6+ Qxc6 9. O-O e6 10. h3 Bxf3 11. Qxf3 Bg7 12. b3 Ne7 13. Ba3 Qd7 14. Nc3
O-O 15. Rfe1 Rfc8 16. Bxe7 Qxe7 17. Nb5 Qb4 18. Nd6 Rf8 19. Qf4 Rad8 20. Rac1
Bxe5 21. Qxe5 Qxd6 22. Qf6 Rc8 23. h4 h5 24. g3 Rc6 25. Rxc6 bxc6 26. Re5 Kh7
27. g4 Qd8 28. Qf3 hxg4 29. Qxg4 f5 30. Qe2 Qxh4 31. Rxe6 Rf7 32. Qe5 Qg4+ 33.
Kf1 Qd1+ 34. Kg2 Qg4+ 35. Qg3 Qxg3+ 36. Kxg3 Rc7 37. Kf4 c5 38. dxc5 Rxc5 39.
Re7+ Kh6 40. Rxa7 Rc2 41. Ke3 d4+ 42. Kxd4 Rxf2 43. b4 f4 44. b5 Rb2 45. a4 f3
46. Kc5 g5 47. Rf7 g4 48. b6 f2 49. b7 g3 50. Rf6+ Kg5 51. Rb6 Rxb6 52. Kxb6
f1=Q 53. b8=Q Qb1+ 54. Kc7 Qxb8+ 55. Kxb8 g2 56. a5 g1=Q 0-1

[Event "Ctor por Equipos de Aragon-Division de Honor"]
[Site ""]
[Date "2023.03.04"]
[Round "6.17"]
[White "Del Rey, Diego"]
[Black "Ruperez Benito, Antonio"]
[Result "1/2-1/2"]
[WhiteElo "2328"]
[BlackElo "2315"]
[PlyCount "0"]
[WhiteTeam "El Olivar"]
[BlackTeam "Palacio De Pioneros A"]
[EventDate "2023.01.28"]

1. d4 e6 2. c4 d5 3. Nc3 Nf6 4. cxd5 exd5 5. Bg5 Be7 6. e3 c6 7. Qc2 Nbd7 8.
Bd3 Nh5 9. Bxe7 Qxe7 10. Nge2 Nb6 11. a3 Qg5 12. Ng3 Nxg3 13. hxg3 Bg4 14. Na4
Nxa4 15. Qxa4 h5 16. b4 O-O 17. Qc2 Rfe8 18. O-O a6 19. Rfe1 Bd7 20. e4 dxe4
21. Rxe4 Rxe4 22. Bxe4 Re8 23. Bf3 Bg4 24. Qc5 Qf6 25. Bxg4 hxg4 26. Qc4 Rd8
27. Rd1 Rd5 28. Qe2 Qg6 29. Qe7 Rh5 30. Qe3 a5 31. bxa5 Rxa5 32. Qe7 Rh5 33.
Qxb7 Qh6 34. Qc8+ Kh7 35. Kf1 Qg6 36. Kg1 Qh6 37. Kf1 Qg6 38. Kg1 Qh6 1/2-1/2

[Event "Ctor por Equipos de Aragon-Division de Honor"]
[Site ""]
[Date "2023.03.04"]
[Round "6.18"]
[White "Romero Pallares, Daniel"]
[Black "Villuendas Valero, Adrian"]
[Result "1/2-1/2"]
[WhiteElo "2280"]
[BlackElo "2259"]
[PlyCount "0"]
[WhiteTeam "Palacio De Pioneros A"]
[BlackTeam "El Olivar"]
[EventDate "2023.01.28"]

1. e4 e6 2. d4 d5 3. Nc3 Bb4 4. Nge2 dxe4 5. a3 Bxc3+ 6. Nxc3 Nc6 7. Bf4 Nge7
8. Qd2 e5 9. dxe5 Qxd2+ 10. Kxd2 Bf5 11. Re1 Ng6 12. Bg3 Ngxe5 13. Nxe4 O-O-O+
14. Kc1 Rhe8 15. Nd2 a6 16. Nc4 Nxc4 17. Bxc4 f6 18. Rxe8 Rxe8 19. Rd1 Ne5 20.
Bf1 Bg6 21. f3 Nc6 22. Bf2 Rd8 23. Rxd8+ Kxd8 24. Kd2 Kd7 25. c4 Bf7 26. Kc3
Ne7 27. b3 Be6 28. Be2 Bf5 29. g4 Bg6 30. b4 h5 31. h3 hxg4 32. hxg4 Bf7 33. a4
Bg6 34. Bc5 Bh7 35. a5 Nc6 36. Be3 g5 37. Bd2 Bg6 38. Bd1 Ne5 39. Be2 Nc6 40.
Bc1 Bh7 41. f4 gxf4 42. Bxf4 Bg8 43. Bf3 Be6 44. g5 fxg5 45. Bxg5 b6 46. axb6
cxb6 47. Be3 Kc7 48. Bf4+ Kd7 49. Be3 Kc7 50. Bxc6 Kxc6 51. b5+ axb5 52. cxb5+
Kxb5 53. Kb2 Bd5 1/2-1/2

[Event "Ctor por Equipos de Aragon-Division de Honor"]
[Site ""]
[Date "2023.03.04"]
[Round "6.19"]
[White "Hernando Garcia, Antonio"]
[Black "Palacios Herrero, Pablo"]
[Result "0-1"]
[WhiteElo "2101"]
[BlackElo "2198"]
[PlyCount "0"]
[WhiteTeam "El Olivar"]
[BlackTeam "Palacio De Pioneros A"]
[EventDate "2023.01.28"]

1. c4 e6 2. Nf3 d5 3. cxd5 exd5 4. d4 c6 5. Nc3 Bf5 6. Bg5 Qb6 7. Qb3 Nd7 8. e3
Ngf6 9. Nd2 h6 10. Bh4 g5 11. Bg3 Nh5 12. Be2 Nxg3 13. hxg3 Nf6 14. Nf3 g4 15.
Ne5 Bd6 16. Nd3 Qxb3 17. axb3 a6 18. Kd2 O-O-O 19. Ra4 h5 20. Nf4 Rh6 21. Bd3
Bd7 22. Raa1 Rdh8 23. Rh4 Be7 24. Rh2 Ne8 25. Rah1 Ng7 26. Nce2 Kc7 27. Kc3 f5
28. Kc2 Be8 29. Kb1 Bf7 30. Bc2 Bg5 31. Ka2 Kd6 32. Bd3 Ke7 33. Kb1 Kf6 34. Kc2
Ne8 35. Kb1 Nd6 36. Kc2 Kg7 37. Kb1 Bd8 38. Kc2 Kf6 39. Nc3 Kg5 40. Rh4 Bf6 41.
Kb1 Be7 42. Kc2 Ne8 43. Kb1 Nf6 44. Nce2 Bd6 45. Rd1 Re8 46. Bc2 Bc7 47. Bd3
Ba5 48. Nc3 Bb4 49. Bc2 Rd8 50. Nce2 Ne4 51. Bxe4 dxe4 52. Rdh1 Bxb3 53. Rxh5+
Rxh5 54. Rxh5+ Kf6 55. Rh7 Bf7 56. Kc2 Be1 57. Nh5+ Bxh5 58. Rxh5 Bxf2 59. Kd2
c5 60. Rh7 cxd4 61. Nxd4 Bxg3 62. Rxb7 Rb8 63. Rxb8 Bxb8 64. Ne2 Be5 65. b3 Kg5
66. g3 Kf6 67. Kc2 Ke6 68. Kb1 Kd5 69. Kc2 Kc5 70. Kd2 Kb4 71. Kc2 a5 72. Nd4
Bxd4 73. exd4 f4 0-1

[Event "Ctor por Equipos de Aragon-Division de Honor"]
[Site ""]
[Date "2023.03.04"]
[Round "6.20"]
[White "Dan, Teodor"]
[Black "Galstyan, David"]
[Result "0-1"]
[WhiteElo "2045"]
[BlackElo "2040"]
[PlyCount "0"]
[WhiteTeam "Palacio De Pioneros A"]
[BlackTeam "El Olivar"]
[EventDate "2023.01.28"]

1. d4 e6 2. Nf3 Nf6 3. e3 d5 4. Bd3 c5 5. b3 b6 6. Bb2 Nbd7 7. O-O Be7 8. Nbd2
Bb7 9. Ne5 O-O 10. Qf3 Qc7 11. Qh3 g6 12. Ndf3 Nxe5 13. Nxe5 Nd7 14. Nxd7 Qxd7
15. dxc5 bxc5 16. Rad1 f5 17. c4 Bf6 18. Bxf6 Rxf6 19. Be2 Qc7 20. cxd5 exd5
21. Rc1 Rc8 22. Rc2 f4 23. Bg4 Re8 24. Rfc1 fxe3 25. fxe3 Ba6 26. Bf3 Qe5 27.
Be2 Bxe2 28. Rxe2 d4 29. e4 Qf4 30. Rce1 Ref8 31. g3 Qe5 32. Rd2 Rf3 33. Qh6
Rxg3+ 34. Kh1 Qxe4+ 0-1

[Event "Ctor por Equipos de Aragon-Division de Honor"]
[Site ""]
[Date "2023.03.04"]
[Round "6.22"]
[White "Garreta Crespo, Blas"]
[Black "Newrkla, Katharina"]
[Result "0-1"]
[WhiteElo "1758"]
[BlackElo "2255"]
[PlyCount "0"]
[WhiteTeam "Monzon"]
[BlackTeam "Jaime Casas"]
[EventDate "2023.01.28"]

1. f4 d5 2. Nf3 g6 3. e3 Bg7 4. c4 Nf6 5. cxd5 Qxd5 6. Nc3 Qa5 7. Be2 0-0 8. 0-0 
c5 9. Ne5 Nfd7 10. Nc4 Qd8 11. b3 Nc6 12. Bf3 Nb6 13. Nxb6 axb6 14. Bxc6 bxc6 15. 
Bb2 Be6 16. Qc2 c4 17. Ne2 Bf5 18. Qc1 cxb3 19. Bxg7 Kxg7 20. Qc3+ Kg8 21. axb3 
Qd3 22. Nd4 Qxc3 23. dxc3 Be4 24. Kf2 Rfd8 25. Rfd1 c5 26. Nf3 Rxd1 27. Rxd1 Bc2 
28. Rd7 Bxb3 29. Rxe7 Ra2+ 30. Kg3 Rc2 31. Re8+ Kg7 32. Rb8 Rxc3 33. Rxb6 Rxe3 34. 
Kf2 Rc3 35. Nd2 Be6 36. g3 Rc2 37. Ke3 c4 38. h4 Rc3+ 39. Kf2 Rd3 40. Nf3 Rb3 41. 
Rd6 Rb2+ 42. Kf1 c3 43. Nd4 c2  0-1

[Event "Ctor por Equipos de Aragon-Division de Honor"]
[Site ""]
[Date "2023.03.04"]
[Round "6.23"]
[White "Fontana Sotomayor, Luis Javier"]
[Black "Buil Solana, Mario"]
[Result "1-0"]
[WhiteElo "2221"]
[BlackElo "1747"]
[PlyCount "0"]
[WhiteTeam "Jaime Casas"]
[BlackTeam "Monzon"]
[EventDate "2023.01.28"]

1. e4 c6 2. d3 d5 3. Nd2 dxe4 4. dxe4 Nf6 5. Ngf3 Bg4 6. h3 Bh5 7. g4 Bg6 8. Qe2 
e6 9. Ne5 Nbd7 10. Nxg6 hxg6 11. Bg2 Qc7 12. Nc4 e5 13. 0-0 Bc5 14. c3 b5 15. Nd2 
Nh7 16. Nb3 Bb6 17. a4 a6 18. g5 Nhf8 19. Qg4 Ne6 20. Rd1 Ke7 21. Nd2 Qa7 22. Rf1 
Nf4 23. axb5 cxb5 24. Nf3 Nd3 25. Qg3 Rad8 26. Nd4 exd4 27. Qxd3 Ne5 28. Qg3 f6 
29. Bf4 Nc4 30. b3 Na5 31. cxd4 Nxb3 32. Qxb3 Bxd4 33. Qa3+ Bc5 34. Qxa6 Bxf2+ 35. 
Kh2 Qxa6 36. Rxa6 Bd4 37. Rb1 Rh4 38. Bg3 Rh5 39. Rxb5 Rxg5 40. Rxg5 fxg5 41. e5 
Rc8 42. Rxg6 Rc1 43. Be4 Kf7 44. Rxg5 Rc5 45. h4 Ke6 46. Bf5+ Kf7 47. Bg4 Rc2+ 48. 
Kh3 Rc5 49. e6+ Ke7 50. Rxc5 Bxc5 51. Be5 Kf8 52. h5 Be7 53. Bf5 Kg8 54. Bg6 Kf8 
55. Kg4 Kg8 56. Kf5 Kf8 57. Bf7 Bc5 58. Kg6  1-0

[Event "Ctor por Equipos de Aragon-Division de Honor"]
[Site ""]
[Date "2023.03.04"]
[Round "6.24"]
[White "Pellicer Cerezuela, Miguel"]
[Black "Llanes Luno, Ricardo"]
[Result "1/2-1/2"]
[WhiteElo "2043"]
[BlackElo "2164"]
[PlyCount "0"]
[WhiteTeam "L'Aurora Estadilla"]
[BlackTeam "Delicias"]
[EventDate "2023.01.28"]

1. d4 d5 2. c4 e6 3. Nc3 Nf6 4. cxd5 exd5 5. Bg5 Be7 6. e3 O-O 7. Bd3 Nbd7 8.
Nf3 c5 9. O-O h6 10. Bh4 a6 11. Rc1 c4 12. Bb1 Re8 13. Ne5 Nxe5 14. dxe5 Ng4
15. Bg3 Bh4 16. Qxd5 Bxg3 17. hxg3 Be6 18. Qe4 Qg5 19. Rfd1 Qxe5 20. Qxe5 Nxe5
21. f4 Nd3 22. Bxd3 cxd3 23. Rxd3 b5 24. e4 Rad8 25. Nd5 Kf8 26. Kf2 f5 27.
Rdc3 Bxd5 28. exd5 Rxd5 29. R1c2 Red8 30. Ke2 Re8+ 31. Re3 Rxe3+ 32. Kxe3 Ke7
33. Rc7+ Rd7 34. Rc5 Ke6 35. Re5+ Kf6 36. Rc5 Ke6 37. Rc8 Rd6 38. Rg8 Kf7 39.
Ra8 Ke6 40. Ra7 g6 41. Rh7 h5 42. Rg7 Kd5 43. Kd3 Kc5+ 44. Kc3 b4+ 45. Kc2 Re6
46. Rc7+ Kb5 47. Kd3 Rd6+ 48. Kc2 Kb6 49. Re7 Kc5 50. Rc7+ Kb5 51. Rb7+ Kc5 52.
Rc7+ Kb5 53. Rb7+ 1/2-1/2

[Event "Ctor por Equipos de Aragon-Division de Honor"]
[Site ""]
[Date "2023.03.04"]
[Round "6.25"]
[White "Llanes Luno, Pedro Alfredo"]
[Black "Felez Casedas, Carlos"]
[Result "1-0"]
[WhiteElo "2048"]
[BlackElo "1940"]
[PlyCount "0"]
[WhiteTeam "Delicias"]
[BlackTeam "L'Aurora Estadilla"]
[EventDate "2023.01.28"]

1. e4 e5 2. Nf3 Nf6 3. Nxe5 d6 4. Nf3 Nxe4 5. Nc3 Nf6 6. d4 d5 7. Bd3 Bg4 8. h3
Bh5 9. Qe2+ Be7 10. g4 Bg6 11. g5 Nh5 12. Bxg6 hxg6 13. Qb5+ Nc6 14. Qxd5 Nb4
15. Qb3 c5 16. Be3 c4 17. Qa4+ Kf8 18. a3 Nd5 19. Qxc4 Nxe3 20. fxe3 Ng3 21.
Ne5 Qe8 22. O-O-O Rc8 23. Qd5 Bxg5 24. Nxg6+ fxg6 25. Qd6+ Kg8 26. Qxg3 Bxe3+
27. Kb1 Rh5 28. Rd3 Bh6 29. Re1 Qd7 30. Qxg6 Rxh3 31. Ne4 Kh8 32. Nc5 Rxc5 33.
Re8+ 1-0

[Event "Ctor por Equipos de Aragon-Division de Honor"]
[Site ""]
[Date "2023.03.04"]
[Round "6.26"]
[White "Fuentes Espuna, Juan Antonio"]
[Black "Roche Simon, Manuel Angel"]
[Result "1-0"]
[WhiteElo "1914"]
[BlackElo "1985"]
[PlyCount "0"]
[WhiteTeam "L'Aurora Estadilla"]
[BlackTeam "Delicias"]
[EventDate "2023.01.28"]

1. Nf3 d5 2. d4 Nf6 3. Bf4 c5 4. e3 Nc6 5. Nc3 Bg4 6. Be2 e6 7. h3 Bh5 8. O-O
Rc8 9. Re1 a6 10. Ne5 Bxe2 11. Qxe2 cxd4 12. Nxc6 Rxc6 13. exd4 Be7 14. Rad1
Qc8 15. Rd3 O-O 16. Rg3 Kh8 17. Be5 Rg8 18. h4 b5 19. a3 Nd7 20. h5 Nxe5 21.
dxe5 d4 22. Ne4 Rxc2 23. Qf3 Rc1 24. Rxc1 Qxc1+ 25. Kh2 Rf8 26. b4 Qh6 27. Nd6
Kg8 28. Qe4 Bg5 29. Rf3 Qxh5+ 30. Kg1 Be7 31. Qxd4 Bxd6 32. exd6 Rc8 33. Rh3
Qf5 34. d7 Rd8 35. Rc3 Qg5 36. Rc8 1-0

[Event "Ctor por Equipos de Aragon-Division de Honor"]
[Site ""]
[Date "2023.03.04"]
[Round "6.27"]
[White "Fabre Perez, Jose Maria"]
[Black "Puertolas Serena, Arturo"]
[Result "1-0"]
[WhiteElo "1981"]
[BlackElo "1788"]
[PlyCount "0"]
[WhiteTeam "Delicias"]
[BlackTeam "L'Aurora Estadilla"]
[EventDate "2023.01.28"]

1. c4 e5 2. g3 Nc6 3. Bg2 f5 4. Nc3 Nf6 5. d3 Bb4 6. Bd2 O-O 7. e3 Bxc3 8. Bxc3
d6 9. Nf3 Qe8 10. O-O Qh5 11. d4 f4 12. dxe5 dxe5 13. Nxe5 fxg3 14. Qxh5 Nxh5
15. hxg3 Nxe5 16. Bxe5 c6 17. Rad1 Be6 18. b3 Rad8 19. Rxd8 Rxd8 20. Bf3 Nf6
21. Rd1 Rxd1+ 22. Bxd1 Nd7 23. Bd4 a6 24. c5 Kf7 25. e4 Nf6 26. f3 Ne8 27. Kf2
Nc7 28. f4 g6 29. g4 a5 30. f5 gxf5 31. gxf5 Bd7 32. Be2 Na6 33. Bc4+ Kf8 34.
a3 Nc7 35. Be5 Ne8 36. Kg3 Ke7 37. Kg4 Nf6+ 38. Kf4 Nh5+ 39. Kg5 Be8 40. f6+
1-0

[Event "Ctor por Equipos de Aragon-Division de Honor"]
[Site ""]
[Date "2023.03.04"]
[Round "6.28"]
[White "Ramon Perez, Jose Luis"]
[Black "Sacristan Latorre, Alberto"]
[Result "0-1"]
[WhiteElo "2166"]
[BlackElo "2100"]
[PlyCount "0"]
[WhiteTeam "Fraga"]
[BlackTeam "Palacio De Pioneros B"]
[EventDate "2023.01.28"]

1. e4 c5 2. Nc3 Nc6 3. Bb5 g6 4. Bxc6 bxc6 5. d3 Bg7 6. f4 d6 7. Nf3 Nf6 8. O-O
O-O 9. Qe1 Rb8 10. b3 Ba6 11. Bd2 c4 12. dxc4 d5 13. e5 Ng4 14. h3 Nh6 15. Na4
dxc4 16. Ba5 Qe8 17. Rf2 c5 18. Rd1 Qc6 19. Rfd2 Nf5 20. Rd5 Nd4 21. Nxd4 Qxd5
22. Nf5 Qe6 23. Nxg7 Kxg7 24. Nxc5 Qc6 25. Nd7 Bb7 26. Rd2 c3 27. Rf2 Qxd7 28.
f5 f6 29. Bxc3 Qc6 30. Bb4 Rbe8 31. exf6+ exf6 32. Bxf8+ Rxf8 33. c4 Re8 34.
Qc3 Re5 35. fxg6 hxg6 36. Qd2 Qe6 37. b4 Re1+ 38. Kh2 g5 39. Qd4 Re4 40. Qxa7
Qd6+ 41. Kg1 Qc6 42. Rf3 Re2 43. Qa3 Qxc4 44. Qc3 Rxg2+ 45. Kh1 Qxc3 0-1

[Event "Ctor por Equipos de Aragon-Division de Honor"]
[Site ""]
[Date "2023.03.04"]
[Round "6.29"]
[White "Colom Sienes, Eduardo"]
[Black "Vallverdu Miret, Oscar"]
[Result "0-1"]
[WhiteElo "2086"]
[BlackElo "2086"]
[PlyCount "0"]
[WhiteTeam "Palacio De Pioneros B"]
[BlackTeam "Fraga"]
[EventDate "2023.01.28"]

1. e4 Nf6 2. e5 Nd5 3. Nc3 Nxc3 4. bxc3 d6 5. f4 g6 6. d4 Bg7 7. Be3 c5 8. Nf3
dxe5 9. fxe5 Nc6 10. Bd3 Bg4 11. O-O O-O 12. Be4 Qa5 13. Qd3 Rad8 14. Qc4 cxd4
15. cxd4 Be6 16. Qe2 Qc3 17. Qe1 Qa3 18. c3 Bc4 19. Rf2 f6 20. Bc1 Qa5 21. exf6
exf6 22. Bb2 Rfe8 23. Qb1 Re7 24. Bd3 Bd5 25. Qf1 Bh6 26. Kh1 Be3 27. Rc2 Rdd7
28. Bc4 Kg7 29. Bxd5 Qxd5 30. Qd3 Bf4 31. c4 Qh5 32. Rf1 Nb4 33. Qb3 Nxc2 34.
Qxc2 Re3 35. Qf2 Rde7 36. g4 Qxg4 0-1

[Event "Ctor por Equipos de Aragon-Division de Honor"]
[Site ""]
[Date "2023.03.04"]
[Round "6.30"]
[White "Aribau Rivas, Miguel Angel"]
[Black "Gomez Salinas, Nestor"]
[Result "1-0"]
[WhiteElo "2036"]
[BlackElo "2048"]
[PlyCount "0"]
[WhiteTeam "Fraga"]
[BlackTeam "Palacio De Pioneros B"]
[EventDate "2023.01.28"]

1. c4 Nf6 2. Nc3 d6 3. g3 e5 4. Bg2 Nc6 5. Nf3 g6 6. O-O Bg7 7. Rb1 a5 8. a3
O-O 9. b4 axb4 10. axb4 Nd4 11. e3 Ne6 12. d4 Nd7 13. d5 Ng5 14. Nxg5 Qxg5 15.
Nb5 Qd8 16. Qb3 b6 17. e4 f5 18. exf5 gxf5 19. f4 e4 20. Bb2 Nf6 21. Ra1 Rxa1
22. Rxa1 Bd7 23. Nd4 Kh8 24. Bh3 Qc8 25. Re1 h5 26. Nc2 Ng4 27. Bxg7+ Kxg7 28.
Qc3+ Kg6 29. c5 bxc5 30. bxc5 c6 31. Rd1 Rf6 32. Nb4 dxc5 33. Qxc5 cxd5 34.
Qxc8 Bxc8 35. Nxd5 Re6 36. Bxg4 hxg4 37. Kf2 Bb7 38. Ne3 Rb6 39. Rd2 Ba6 40.
Nd5 Re6 41. Ne3 Bd3 42. Rb2 Ra6 43. Kg2 Re6 44. h3 gxh3+ 45. Kxh3 Ra6 46. g4
fxg4+ 47. Kxg4 Ra1 48. Rb6+ Kf7 49. f5 Re1 50. Kf4 Ra1 51. Rb7+ Kf8 52. f6 Ra5
53. Ng4 Bc4 54. Ne5 Be6 55. Rb8+ 1-0

[Event "Ctor por Equipos de Aragon-Division de Honor"]
[Site ""]
[Date "2023.03.04"]
[Round "6.31"]
[White "Caballero Ortin, Jorge"]
[Black "Agustin De Dios, Adrian"]
[Result "0-1"]
[WhiteElo "1714"]
[BlackElo "1698"]
[PlyCount "0"]
[WhiteTeam "Palacio De Pioneros B"]
[BlackTeam "Fraga"]
[EventDate "2023.01.28"]

1. e4 c5 2. Nf3 e6 3. d4 cxd4 4. Nxd4 a6 5. c4 Qc7 6. a3 Nf6 7. Nc3 Be7 8. Be2
b6 9. Be3 Bb7 10. Qd3 d6 11. Rc1 Nbd7 12. Qb1 O-O 13. O-O Rac8 14. f3 Qb8 15.
Rfd1 Bd8 16. Nc2 Ne5 17. Qa2 Bc7 18. Qb3 Ned7 19. Bf2 Nc5 20. Qa2 d5 21. cxd5
exd5 22. exd5 Bxh2+ 23. Kf1 Rce8 24. Qc4 Bf4 25. b4 Ncd7 26. Rb1 Rc8 27. Qb3
Qc7 28. Bd4 Nh5 29. Ne1 Rce8 30. Ne4 Ng3+ 31. Nxg3 Bxg3 32. Rbc1 Qd6 33. Bf2
Bf4 34. Rc3 Qh6 35. Bg1 Rc8 36. Nd3 Be3 37. Rxc8 Rxc8 38. Bxe3 Qxe3 39. Rc1
Rxc1+ 40. Nxc1 Qxc1+ 41. Kf2 Qd2 42. a4 Bxd5 43. Qb1 Bc4 0-1

[Event "Cto por Equipos de Aragon-Preferente I"]
[Site ""]
[Date "2023.03.04"]
[Round "6.32"]
[White "Sancho Cortes, Miguel Angel"]
[Black "Delgado Pascual, Hugo"]
[Result "1-0"]
[WhiteElo "2024"]
[BlackElo "1798"]
[PlyCount "0"]
[WhiteTeam "Iberajedrez Mundo 64 B"]
[BlackTeam "Enroque Barbastro A"]
[EventDate "2023.01.28"]

1. e4 c6 2. d4 d5 3. Nd2 dxe4 4. Nxe4 Nf6 5. Nxf6+ exf6 6. Be3 Be6 7. Ne2 Bd6
8. Nf4 Bf5 9. Bc4 Qc7 10. Nh5 O-O 11. Ng3 Bg6 12. Qd2 Nd7 13. Bb3 a5 14. Ne2 c5
15. c3 a4 16. Bc2 cxd4 17. Nxd4 Bxc2 18. Qxc2 Bf4 19. Bxf4 Qxf4 20. O-O Ne5 21.
h3 Rfc8 22. Rad1 Nc6 23. Nxc6 Rxc6 24. Rfe1 Qc7 25. Qxa4 Rc8 26. Rd4 g6 27.
Rde4 Qb6 28. Qb4 Qxb4 29. Rxb4 b6 30. Rd4 R8c7 31. a4 Ra7 32. Re8+ Kg7 33. Rb8
Re6 34. b3 Ra6 35. Rb7 Re1+ 36. Kh2 Rc1 37. Rdd7 Rxc3 38. Rxf7+ Kh6 39. f4 g5
40. Rxf6+ 1-0